000 00665nam a2200205 a 4500
003 OSt
005 20240223123537.0
008 180219t2004 pk | |||| 000 d urd d
020 _a9693516281
040 _c0
082 _a891.4392
_bISH 2004
100 1 _aاشفاق احمد
_948655
245 1 0 _aڈھنڈورا:
_bتلقين شاہ
_cIshfaq Ahmad
246 _aDhandora:
_bTalqeen Shah
260 _aLahore:
_bSang e Meel Pub;
_c2004.
300 _a414 p.
650 _aUrdu literature
_vRadio Drama (talqeen shah)
_9121251
942 _2ddc
_cBK
_aSADA
_k891.4392 ISH 2004
999 _c608100
_d608100